20 Most Famous Cities in Azerbaijan on a Map - Statistics

General Stats
  • This quiz has been taken 70 times
  • The average score is 7 of 22
Answers on the Map
Answers color-coded by a green-red scale on the quiz's map according to % correct below.
 
Answer Stats
Wiki Monthly Views Cityquiz Mention Rate Population Answers % Correct
213.01K 50.41% 1291.00K Baku
100%
33.58K 7.11% 299.10K Ganja
71%
28.07K 3.01% 80.80K Nakhchivan
63%
13.32K 1.72% 435.60K Sumgait
63%
4.34K 1.12% 77.80K Şirvan
45%
42.60K 3.81% 58.30K Stepanakert
37%
7.43K 1.27% 24.10K Quba
35%
9.88K 0.96% 51.60K Lankaran
33%
6.42K 0.43% 119.98K Mingachevir
33%
10.09K 1.29% 65.90K Shaki
33%
36.66K 1.55% 4.20K Shusha
29%
15.50K 0.67% 3.77K Aghdam
27%
6.98K 0.04% 1.63K Lachin
20%
8.46K 0.38% 13.00K Qabala
20%
7.85K 0.09% 10.10K Naftalan
16%
7.85K 0.20% 38.80K Shamakhi
16%
4.96K 0.49% 52.60K Barda
14%
5.17K 0.00% 7.25K Kalbajar
12%
5.94K 0.13% 4.50K Martakert
12%
7.32K 0.08% 1.40K Khojaly
10%
5.62K 0.09% 3.40K Hadrut
8%
5.77K - 0.15K Karki
8%
No matching quizzes found
Score Distribution
Percent of People with Each Score
Percentile by Number Answered
Your Score History
You have not taken this quiz